000 00683nam a2200253Ia 4500
003 OSt
005 20220926011530.0
006 a|||||r|||| 00| 0
007 ta
008 220923b |||||||| |||| 00| 0 eng d
037 _cGeneral Book
040 _aRTL
_cRTL
_beng
041 _2eng
_aeng
082 _aXM8:(R4), M9
100 _aDonaldson Thomas
_9267152
245 0 _aEthics of international business
260 _aNew York
_c1989
300 _axvi+196p
_ccm.
490 _aRuffin Series in Business Ethics
500 _aAppendix: P 153-63
650 _aMultinational
942 _hXM8:(R4), M9
_cGB
_2CC
999 _c620378
_d620378